00571 2200229 4500001002100000005001500021008004100036020002200077035002000099082001100119084001700130100001600147245004100163250001000204260003700214300003100251650001900282990001000301990001000311990001000321990001000331INLIS00000000001203720260424111032260424 g 0 ind  a978-623-7284-76-5 a0010-0426000008 a371.36 a371.36 GER s aGernatatiti1 aSekolah tanpa jurusan /cGernatatiti aCet.2 aYogyakarta :bMojok Group,c2022 axxiii, 170 hlm ;c13x19 cm 4aMetode belajar a58223 a58224 a58225 a58226